Les clubs victimes de Kylian Mbappé en Ligue des Champions - Statistiques

Statistiques générales
  • Ce quiz a été pris 2 745 fois
    95 depuis la dernière actualisation
  • Le résultat moyen est 20 sur 27
Statistiques - réponses
Pays Club % Correct
Angleterre Manchester City 7
99%
Allemagne Bayern Munich 5
97%
Espagne FC Barcelone 6
95%
Allemagne Borussia Dortmund 4
94%
Italie Juventus Turin 4
94%
Angleterre Manchester United 1
92%
Espagne Real Madrid 3
91%
Italie AC Milan 1
90%
France AS Monaco 2
86%
Belgique Club Bruges 5
84%
Angleterre Liverpool 1
82%
Portugal SL Benfica 3
81%
France Olympique de Marseille 2
77%
Turquie Galatasaray 1
76%
Grèce Olympiakos 4
72%
Allemagne RB Leipzig 1
72%
Ecosse Celtic Glasgow 2
71%
Italie Atalanta Bergame 1
62%
Israël Maccabi Haïfa 3
61%
Angleterre Newcastle 1
59%
Serbie Etoile Rouge de Belgrade 2
57%
Belgique Anderlecht 1
53%
Espagne Real Sociedad 3
53%
Autriche Red Bull Salzbourg 1
53%
Kazakhstan Kaïrat Almaty 3
51%
Allemagne VfB Stuttgart 1
38%
Turquie Istanbul Basaksehir 2
29%
Aucun quiz correspondant
Distribution des résultats
% des personnes avec chaque résultat
Percentile par nombre de réponses
Votre historique - résultats
Vous n’avez pas pris ce quiz depuis la dernière actualisation